Los caminos del saber : (Registro nro. 10335)

Detalles MARC
000 -CABECERA
Longitud fija campo de control 01060nam a2200265 a 4500
003 - • IDENTIFICADOR DELl NÚMERO DE CONTROL
Identificador del número de control CO-ViMGA
005 - • FECHA Y HORA DE LA ÚLTIMA TRANSACCIÓN
Fecha y hora de la última transacción 20230915223755.0
008 - • CÓDIGOS DE INFORMACIÓN DE LONGITUD FIJA
Códigos de información de longitud fija 141112s2004 ck r 000 u spa d
020 ## - • NÚMERO INTERNACIONAL NORMALIZADO PARA LIBROS
Número Internacional Normalizado para Libros (ISBN) 9789582423520
040 ## - FUENTE DE LA CATALOGACIÓN
Centro catalogador de origen CO-ViMGA
Lengua de catalogación spa
Centro transcriptor CO-ViMGA
082 04 - • NÚMERO DE LA CLASIFICACIÓN DECIMAL DEWEY
Número de clasificación (R) 510.7 G17c 11
245 10 - • TITULO PROPIAMENTE DICHO
Título Los caminos del saber :
Resto del título matemáticas 11 /
Mención de responsabilidad, etc. Lida García Buitrago ... [et al.] ; ilustradores Diomedes Guilombo Ramírez ... [et al.].
250 ## - • MENCIÓN DE EDICIÓN
Mención de edición Editora Diana Constanza Salgado Ramírez.
300 ## - • DESCRIPCIÓN FÍSICA
Extensión 336 p. : il. ; 28 cm.
490 0# - • MENCIÓN DE SERIE
Mención de serie Los caminos del saber matemáticas
500 ## - • NOTA GENERAL
Nota general Texto para la enseñanza del área de formación de matemáticas para el grado once de educación básica secundaria. Edición alumno.
504 ## - • NOTA DE BIBLIOGRAFÍA, ETC
Nota de bibliografía, etc. Incluye bibliografía e índice.
650 14 - • PUNTO DE ACCESO ADICIONAL DE MATERIA - TÉRMINO DE MATERIA
Término de materia o nombre geográfico como elemento inicial Matemáticas - Enseñanza secundaria.
700 1# - • PUNTO DE ACCESO ADICIONAL - NOMBRE DE PERSONA
Nombre de persona García Buitrago, Lida.
942 ## - ENTRADA DE ELEMENTOS AGREGADOS (KOHA)
Fuente de clasificaión o esquema Dewey Decimal Classification
Koha [por defecto] tipo de item LIbro
949 ## - TRATAMIENTO DE LA INFORMACIÓN LOCAL (OCLC)
a c n
Existencias
Perdido Fuente de clasificación o esquema Estado Físico No para préstamo Forma de adquisición Localización permanente Localización actual Fecha adquisición Serie de enumeración / cronolog&íacute;a Préstamos totales Signatura completa Código de barras Fecha última consulta Número de copia Fecha del precio de reemplazo Tipo de item de Koha
  Dewey Decimal Classification     Sala General Biblioteca Barrio Emporio - Villavicencio Biblioteca Barrio Emporio - Villavicencio 12/04/2015 24/nov/2014   510.7 G17c 11 27604 12/04/2015 Ej. 2 12/04/2015 LIbro
  Dewey Decimal Classification     Sala General Biblioteca Barrio Porfia - Villavicencio Biblioteca Barrio Porfia - Villavicencio 12/04/2015 24/nov/2014   510.7 G17c 11 27574 12/04/2015 Ej. 1 12/04/2015 LIbro
  Dewey Decimal Classification Damaged   Sala General Biblioteca Comunitaria - Villavicencio Biblioteca Comunitaria - Villavicencio 12/04/2015 26/nov/2014   510.7 G17c 11 27639 12/04/2015 Ej. 4 12/04/2015 LIbro









Instituto Departamental de Cultura del Meta - Red Departamental de Bibliotecas Públicas del Meta.